| 000 | 00956nam a22002892a 4500 | ||
|---|---|---|---|
| 001 | 31380 | ||
| 003 | BD-RjUL | ||
| 005 | 20211209051708.0 | ||
| 008 | 140415r19541910enk b 001 0 eng d | ||
| 035 | _a BD-RjUL)31467 | ||
| 040 |
_aCLU _cCLU _dEQO _dBD-RjUL _beng |
||
| 041 | _aeng | ||
| 082 | 0 | 4 |
_a270 _bBEB 1954 |
| 090 |
_aBR746 _b.B39hE 1954 |
||
| 100 | 0 |
_aBede, _d673-735. _995485 |
|
| 245 | 0 | 0 |
_aBede's ecclesiastical history of the English nation / _cintroduction by David Knowles |
| 260 |
_aLondon : _bDent, _c1910 [Reprinted 1954] |
||
| 300 |
_axxiii, 382, 4 p. ; _c19 cm |
||
| 500 | _aOriginal title: Historia ecclesiastica gentis Anglorum | ||
| 504 | _aIncludes bibliography and index | ||
| 650 |
_a-- _995486 |
||
| 651 |
_aGreat Britain _xChurch history _zAnglo-Saxon period. _995487 |
||
| 830 | 0 |
_v[no. 479] _995492 |
|
| 700 | 1 |
_a Knowles David _94178 |
|
| 830 | 0 |
_aEveryman's library ; _995493 |
|
| 942 |
_2ddc _cBK |
||
| 999 |
_c31380 _d31380 |
||